000
00273nam a22001337a 4500
008
170405b xxu||||| |||| 00| 0 eng d
020
_a
0809443007
041
_a
eng
080
_a
574
100
_a
9
101
_a
SHM
245
_a
EARTHQUAKE
_c
WALKER, B
942
_2
udc
_c
BK
999
_c
9776
_d
9776